Book Digest Magazine : volumen 7, número 9, septiembre 1980 /

Kaydedildi:
Detaylı Bibliyografya
Diğer Yazarlar: Gross, Martin L. (edición) (edición)
Materyal Türü: Kitap
Dil:İngilizce
Baskı/Yayın Bilgisi: Nueva York, EUA : Book Digest, 1980, c1980
Etiketler: Etiketle
Etiket eklenmemiş, İlk siz ekleyin!

MARC

LEADER 00000nam^a2200000^a^4500
001 000435259
005 20250526000000.0
009 20260310123126.875
022 |a 0360-4160 
037 |a Acervo ITESO - Biblioteca 
041 |a ING 
091 |a FHM. 07552 
245 0 0 |a Book Digest Magazine :  |b volumen 7, número 9, septiembre 1980 / 
264 4 |a Nueva York, EUA :  |b Book Digest,  |c 1980, c1980 
300 |a 208 p. ;  |c 19.0 cm. 
336 |a texto  |b txt  |2 rdacontenido 
337 |a sin mediación  |b n  |2 rdamedio 
338 |a volumen  |b nc  |2 rdasoporte 
649 |a XX 
700 |a Gross, Martin L.  |e (edición) 
910 |a Fondo Hugo B. Margáin 
920 |a Impresos - Libros 
930 |a Libros Antiguos y Raros 
905 |a 126 
901 |a 0500306023  |b IT2  |c LRA  |i D111246  |u 20250526 
902 |a https://opac.biblio.iteso.mx/vufind/Record/000435259